| 000 | 01035nam a2200265 a 4500 | ||
|---|---|---|---|
| 001 | 000026257 | ||
| 005 | 20200930024433.0 | ||
| 008 | 110307s2004 dr 001 0 spa d | ||
| 020 | _a999343065x | ||
| 040 |
_aDO-SdBNP _bspa _cBNPHU |
||
| 082 |
_a115 _bA581c |
||
| 100 | 1 |
_aÁngeles, Carlos de los _9214 |
|
| 245 | 1 | 0 |
_aCiencia, razón y fe : _bla nueva física y el nuevo pensamiento / _cCarlos de los Ángeles; prólogo Pablo Iñiguez. |
| 260 |
_aSanto Domingo : _bBanco Central de la República Dominicana ; _bFUNDEC, _c2004. |
||
| 300 |
_a190 p. ; _c19 cm. |
||
| 500 | _aIncluye datos del autor en la contracubierta | ||
| 504 | _aBibliografía : p. 185-190. | ||
| 590 | _aInventariado, 2018/LP | ||
| 650 | 4 |
_aEspacio y tiempo _952765 |
|
| 650 | 4 |
_aRelatividad (física) _xEnsayos, conferencias, etc. _919497 |
|
| 650 | 4 |
_aAntropología filosófica _97458 |
|
| 710 | 2 |
_aFundación para la Educación, la Ciencia y la Cultura _953289 |
|
| 700 | 1 |
_aIñiguez, Pablo, _eprólogo _918249 |
|
| 910 | _aValidado. Control de calidad EMS | ||
| 999 |
_c25749 _d25749 |
||